| 000 | 00655nam a22001937a 4500 | ||
|---|---|---|---|
| 003 | OSt | ||
| 005 | 20150408114142.0 | ||
| 008 | 131009s 2013jo a | |||| 00| 0 ara d | ||
| 040 | _ama-un | ||
| 082 |
_221 _a526.9 _bد م م |
||
| 245 |
_aالمساحة الأرضية / _cمحمد عبدالله الدرايسة . |
||
| 250 | _aط. 1 | ||
| 260 |
_aعمان : _bمكتبة المجتمع العربي ، _c2013 |
||
| 300 |
_a148 ص : _bايض ؛ _c24 سم . |
||
| 100 |
_aالدرايسية ، محمد عبدالله _937568 |
||
| 650 |
_aالمساحة الأرضية _937569 |
||
| 650 |
_aالمساحة التصويرية _919482 |
||
| 942 |
_2ddc _cBOOK |
||
| 999 |
_c31156 _d265656 |
||